000
00298nam a2200133Ia 4500
005
20251222144731.0
008
251222s9999||||xx |||||||||||||| ||spa||
020
_a
88-16-35051-2
082
_a
240.4/G51
100
_a
Giussani, Luigi
245
0
_a
Moralitá:
264
_b
Jaca Book
942
_c
LIB
999
_c
18604
_d
18604